000 00429 a2200157 4500
003 Nust
005 20230310115707.0
040 _cNust
082 _a297.72,RIZ
100 _aRezvi, Syed Wajid
_9110140
245 _aRasool (SAW) Maidan e Jang main /
_cSyed Wajid Rezvi
260 _aIslamabad
_bArmy Education Press
300 _a309:p
650 _aLife Of RasoolAllah(SAW) In the War
_9110141
942 _2ddc
_cBK
_k297.72,RIZ
999 _c188173
_d188173